Länder, die Antigua und Barbuda am nächsten liegen - Statistiken

Allgemein
  • Dieses Quiz wurde 87 mal gespielt
  • Das Durchschnittsergebnis liegt bei 15 aus 20
Antwortstatistiken
km Land % Korrekt
68 St Kitts und Nevis
94%
688 Dominikanische Republik
92%
642 Trinidad und Tobago
92%
944 Haiti
91%
500 Grenada
90%
333 St Lucia
88%
1317 Kuba
87%
409 St Vincent und die Grenadinen
87%
1414 Jamaika
84%
467 Barbados
83%
154 Dominica
83%
1338 Suriname
81%
1230 Bahamas
79%
966 Guyana
79%
696 Venezuela
77%
1134 Kolumbien
73%
1318 Brasilien
66%
998 Aruba
31%
923 Curaçao
26%
126 Sint Maarten
18%
Keine übereinstimmenden Quizze gefunden
Verteilung der Resultate
Anzahl Personen mit jedem Resultat
Perzentil nach korrekt beantworteten Fragen
Ihre Resultats-Entwicklung
Sie haben dieses Quiz noch nicht gespielt